000 00311nam a22000857a 4500
245 _aISO 3400 (Part I) 1010- ISO 37-2017 : 2021 Methods of test for vulcanized rubber. Part 1. Tensile stress-strain properties (Fourth Revision)
260 _aNew Delhi
_bBureau of India Standards
_c2021
300 _a30p.
942 _cST
999 _c75147
_d75147